000
00362nam a22001337a 4500
003
SGT
020
_a
9789388183451
082
_a
301.2
_b
R18K
100
_a
कमलेश
245
_a
रुसी संस्कृति: उद्भव और विनाश
260
_b
राजकमल प्रकाशन
_c
2018
300
_a
317
942
_2
ddc
_c
BK
999
_c
29349
_d
29349